[Event "XXVII OOM - Mistrzostwa Polski Juniorow Mlodszych - Dziewczeta do lat 14"]
[Site "ApartHotel Termy Uniejow, ul. Termalna 1, 99-210 Uniejow"]
[Date "1899-12-30"]
[Round "9.26"]
[White "Walentyn, Zuzanna"]
[Black "Brelinska, Marcelina"]
[Result "1-0"]
[WhiteTitle "II"]
[BlackTitle "II"]
[WhiteElo "1297"]
[BlackElo "1057"]

1. d4 d5 2. c4 dxc4 3. e4 Nc6 4. Nf3 g6 5. Bxc4 Bg7 6. d5 Ne5 7. Nxe5 Bxe5 8. f4
Bg7 9. O-O Nf6 10. e5 Nd7 11. e6 fxe6 12. dxe6 Nc5 13. Qxd8+ Kxd8 14. Re1 c6 15.
Nc3 Rf8 16. Bd2 b5 17. Nxb5 cxb5 18. Ba5+ Ke8 19. Bxb5+ Nd7 20. Rad1 a6 21. exd7+
Bxd7 22. Rxd7 Bf6 23. Rdxe7# 1-0